Cognomi più diffusi in Friuli-Venezia Giulia - Statistics

Statistiche generali
  • Questo quiz è stato fatto 56 volte
  • Il punteggio medio è 2 su 10
Statistiche sulle risposte
Cognome % Corretto
Rossi
81%
Furlan
38%
Trevisan
19%
Visintin
15%
Zuliani
15%
Moro
6%
Fabbro
4%
Fabris
4%
Mauro
2%
Basso
0%
Nessun quiz corrispondente trovato
Distribuzione punteggi
Percentuale di utenti per punteggio
Percentile per numero di risposta
I tuoi punteggi nel tempo
Non hai fatto questo quiz